000 00565nam a2200193Ia 4500
005 20250326144104.0
008 250326s9999 xx 000 0 und d
037 _aTextbook
040 _aFMSL
_beng
_cFMSL
041 _aeng
_2eng
084 _aB2893 P8
_qFMSL
100 _aHillier F S
_9735368
245 0 _aOperations research; 0; Introduction to operation research
_cHillier F S
260 _aNew Delhi
_bNew Delhi, McGraw Hill
_c2008
365 _b485
650 _aOperations research
942 _cTB
_hB2893 P8
999 _c1302306
_d1302306